[Event "Xtracon Chess Open 2018"]
[Site "Elsinore"]
[Date "2018.07.26"]
[Round "7"]
[White "Tulliez, Andre"]
[Black "Shehzad, Shazil"]
[Result "0-1"]
[WhiteElo "1678"]
[BlackElo "1896"]
[EventDate "2018.07.21"]
[WhiteFideId "45107181"]
[BlackFideId "1521942"]

1.e4 c5 2.Nf3 e6 3.d3 Nc6 4.Nbd2 Nf6 5.g3 d5 6.Bg2 Be7 7.O-O b6 8.Re1 Bb7 
9.e5 Nd7 10.Nf1 g5 11.g4 h5 12.h3 hxg4 13.hxg4 Qc7 14.Qe2 O-O-O 15.Ng3 
Rdg8 16.Bd2 Nf8 17.a3 Ng6 18.Nxg5 Nd4 19.Qd1 Nxe5 20.Rxe5 Bf6 21.Bf4 Bxg5 
22.Rf5 Bxf4 0-1

[Event "Xtracon Chess Open 2018"]
[Site "Elsinore"]
[Date "2018.07.26"]
[Round "7"]
[White "Rasmussen, Jonas H"]
[Black "Larsen, Hans Haagen"]
[Result "1-0"]
[WhiteElo "1892"]
[BlackElo "1679"]
[EventDate "2018.07.21"]
[WhiteFideId "1511637"]
[BlackFideId "1409557"]

1.d4 g6 2.Nf3 Bg7 3.g3 d6 4.Bg2 Nc6 5.O-O e5 6.dxe5 Nxe5 7.Nxe5 Bxe5 8.c3 
Ne7 9.Nd2 O-O 10.Nc4 Bg7 11.Re1 d5 12.Na3 c6 13.Nc2 Nf5 14.Nd4 Nxd4 15.
cxd4 Qb6 16.e3 f5 17.b3 Bd7 18.a4 Rf7 19.Ba3 Bf8 20.a5 Qc7 21.Bxf8 Raxf8 
22.Qc2 a6 23.Bxd5 g5 24.Bxf7+ Rxf7 25.Qc5 Be6 26.b4 Bd5 27.Qc1 h6 28.Qd2 
Bf3 29.h3 Qd7 30.Kh2 Qd6 31.Rac1 Kg7 32.Rc5 Kg6 33.Re5 Be4 34.Rc1 Rd7 35.
Qa2 Bd5 36.Qc2 Qf6 37.Qd3 h5 38.Rc5 g4 39.h4 Rd6 40.Qc2 Rd7 41.Qd2 Be4 42.
Qa2 Qf7 43.Qxf7+ Rxf7 44.Kg1 Bd3 45.Re6+ Kg7 46.Rce5 Bc4 47.Re7 Kf6 48.
Rxf7+ Bxf7 49.Kf1 1-0

[Event "Xtracon Chess Open 2018"]
[Site "Elsinore"]
[Date "2018.07.26"]
[Round "7"]
[White "Brink, Nienke van den"]
[Black "Nielsen, Jorgen Kamp"]
[Result "1-0"]
[WhiteElo "1889"]
[BlackElo "1674"]
[EventDate "2018.07.21"]
[WhiteFideId "1452568"]
[BlackFideId "1413279"]

1.e4 Nc6 2.Nf3 d5 3.exd5 Qxd5 4.Nc3 Qa5 5.d4 Bg4 6.Bb5 O-O-O 7.Bxc6 bxc6 
8.Qd3 c5 9.Ne5 Rxd4 10.Nc6 Rxd3 11.Nxa5 Rd7 12.Nc6 e5 13.Be3 Bd6 14.Nxa7+ 
Kb7 15.Nab5 Ne7 16.Ne4 c4 17.f3 Bf5 18.O-O-O Bxe4 19.fxe4 Rhd8 20.Nc3 Kc6 
21.Nd5 Kb5 22.Rd2 c6 23.Nb6 Rb7 24.a4+ Ka6 25.Rhd1 1-0

[Event "Xtracon Chess Open 2018"]
[Site "Elsinore"]
[Date "2018.07.26"]
[Round "7"]
[White "Rasmussen, Henrik Egede"]
[Black "Jensen, Torben W."]
[Result "1-0"]
[WhiteElo "1871"]
[BlackElo "1615"]
[EventDate "2018.07.21"]
[WhiteFideId "1417800"]
[BlackFideId "1515942"]

1.Nc3 d5 2.e4 dxe4 3.Nxe4 Nc6 4.Bc4 e6 5.Nf3 Nf6 6.Ng3 a6 7.c3 b5 8.Bb3 
Bb7 9.d4 Na5 10.Bc2 Bd6 11.O-O Bd5 12.b3 Bxg3 13.fxg3 O-O 14.Ne5 c5 15.Bg5
Kh8 16.Bxf6 gxf6 17.Qh5 f5 18.Nxf7+ Rxf7 19.Qxf7 cxd4 20.Rad1 Rc8 21.Rxd4 
Qg8 22.Qxg8+ Kxg8 23.Bxf5 Rxc3 24.Rd3 Rc7 25.Bg4 Nc6 26.Rc3 Re7 27.Bf3 Nd4
28.Rd3 Nxf3+ 29.gxf3 Rc7 30.Rfd1 Rc2 31.R1d2 Rc1+ 32.Kf2 Bc6 33.Rd8+ Kg7 
34.Rc8 Kf6 35.Rd6 Rc2+ 36.Ke3 1-0

[Event "Xtracon Chess Open 2018"]
[Site "Elsinore"]
[Date "2018.07.26"]
[Round "7"]
[White "Finnsson, Eli W."]
[Black "Skaale, Janus"]
[Result "1/2-1/2"]
[WhiteElo "1606"]
[BlackElo "1867"]
[EventDate "2018.07.21"]
[WhiteFideId "7201451"]
[BlackFideId "7201575"]

1.c4 e5 2.Nc3 Nf6 3.g3 d5 4.cxd5 Nxd5 5.Bg2 Nb6 6.Nf3 Nc6 7.d3 Be7 8.O-O 
O-O 9.a3 a5 10.Be3 Be6 11.Rc1 Nd5 12.Nxd5 Bxd5 13.Bc5 Re8 14.Bxe7 Qxe7 15.
Nh4 Bxg2 16.Nxg2 1/2-1/2

[Event "Xtracon Chess Open 2018"]
[Site "Elsinore"]
[Date "2018.07.26"]
[Round "7"]
[White "Keymer, Cecilia"]
[Black "Tenold, Andreas"]
[Result "0-1"]
[WhiteElo "1380"]
[BlackElo "1865"]
[EventDate "2018.07.21"]
[WhiteFideId "16233468"]
[BlackFideId "1525840"]

1.d4 Nf6 2.c4 e6 3.Nc3 Bb4 4.Qc2 c5 5.dxc5 Na6 6.a3 Qa5 7.Bd2 Bxc5 8.Rb1 
Qd8 9.e3 b6 10.Nf3 Bb7 11.Be2 O-O 12.O-O d5 13.cxd5 exd5 14.Qa4 Nc7 15.b4 
Bd6 16.Nd4 Ne4 17.Rfd1 Bxh2+ 18.Kxh2 Qh4+ 19.Kg1 Qxf2+ 20.Kh1 Nxd2 21.Rxd2
Qxe3 22.Rd3 Qe5 23.Rf1 Ne6 24.Rf5 Qd6 25.Ndb5 Qe7 26.Nxd5 Qh4+ 27.Kg1 Bxd5
28.Rdxd5 Nf4 29.Rde5 g6 30.Rg5 Nxe2+ 31.Rxe2 Qxg5 32.Nc7 Qc1+ 0-1

[Event "Xtracon Chess Open 2018"]
[Site "Elsinore"]
[Date "2018.07.26"]
[Round "7"]
[White "Hjornevik, Knut J"]
[Black "Narheim, Mats"]
[Result "1-0"]
[WhiteElo "1860"]
[BlackElo "1544"]
[EventDate "2018.07.21"]
[WhiteFideId "1505157"]
[BlackFideId "1518607"]

1.d4 Nf6 2.c4 g6 3.Nc3 Bg7 4.e4 d6 5.h3 O-O 6.Bg5 Nc6 7.Nf3 Nd7 8.Qd2 f6 
9.Bh6 e5 10.Bxg7 Kxg7 11.Be2 Ne7 12.dxe5 Nxe5 13.Nd4 N7c6 14.Nc2 Be6 15.
Ne3 Ne7 16.f4 Nd7 17.g4 g5 18.Nf5+ Bxf5 19.exf5 h6 20.Nb5 Nc6 21.Bf3 Nc5 
22.O-O-O a6 23.Nc3 Qd7 24.fxg5 hxg5 25.Bxc6 Qxc6 26.Nd5 Ne4 27.Qd4 Ng3 28.
Rh2 Rae8 29.Qd3 Ne4 30.Kb1 Nc5 31.Qd2 Re4 32.h4 Rxg4 33.hxg5 Rxg5 34.Rdh1 
Kf7 35.Rh7+ 1-0

[Event "Xtracon Chess Open 2018"]
[Site "Elsinore"]
[Date "2018.07.26"]
[Round "7"]
[White "Gaure, Sigurd Lauvas"]
[Black "Berg, Margar M."]
[Result "0-1"]
[WhiteElo "1535"]
[BlackElo "1859"]
[EventDate "2018.07.21"]
[WhiteFideId "1524933"]
[BlackFideId "7200021"]

1.e4 c5 2.Nf3 d6 3.d4 cxd4 4.Nxd4 Nf6 5.Nc3 a6 6.Bc4 b5 7.Bd5 Nxd5 8.exd5 
g6 9.Be3 Bg7 10.a3 O-O 11.O-O e5 12.dxe6 fxe6 13.f4 Qe7 14.Qd2 Bb7 15.Rae1
Nc6 16.f5 Nxd4 17.Bxd4 Bxd4+ 18.Qxd4 gxf5 19.Re3 Rf7 20.Rf2 e5 21.Rg3+ Kf8
22.Qd2 f4 23.Rd3 e4 24.Nxe4 Bxe4 25.Rxd6 Re8 26.Rxf4 Bxc2 27.Kf2 Qe1+ 0-1

[Event "Xtracon Chess Open 2018"]
[Site "Elsinore"]
[Date "2018.07.26"]
[Round "7"]
[White "Thannheiser, Thomas"]
[Black "Wiberg, Jonas"]
[Result "1-0"]
[WhiteElo "2201"]
[BlackElo "1715"]
[EventDate "2018.07.21"]
[WhiteFideId "4691059"]
[BlackFideId "1720090"]

1.e4 c6 2.d4 d5 3.exd5 cxd5 4.c4 Nf6 5.Nc3 e6 6.Nf3 Be7 7.cxd5 Nxd5 8.Bd3 
Nc6 9.O-O Bf6 10.Re1 O-O 11.Be4 Nce7 12.Ne5 Nxc3 13.bxc3 Nd5 14.Qd3 g6 15.
Rb1 Bxe5 16.dxe5 Qc7 17.Bh6 Re8 18.Qf3 Qe7 19.g3 f5 20.exf6 Qf7 21.Bg5 a5 
22.a3 Ra6 23.c4 Nb6 24.c5 Nd5 25.h4 Kh8 26.Kg2 h5 27.Bxd5 exd5 28.Rxe8+ 
1-0

[Event "Xtracon Chess Open 2018"]
[Site "Elsinore"]
[Date "2018.07.26"]
[Round "7"]
[White "Henriksen, Morgan"]
[Black "Pallesen, Jacob"]
[Result "0-1"]
[WhiteElo "1706"]
[BlackElo "2058"]
[EventDate "2018.07.21"]
[WhiteFideId "1510495"]
[BlackFideId "1404881"]

1.d4 g6 2.c4 Bg7 3.Nc3 f5 4.e3 Nf6 5.Bd3 d6 6.Nge2 Nc6 7.a3 e5 8.b3 O-O 9.
O-O Re8 10.Bb2 exd4 11.Nxd4 Nxd4 12.exd4 Ne4 13.Ne2 c6 14.Qc2 Qb6 15.Rab1 
Bd7 16.b4 Re7 17.c5 Qc7 18.Bc1 d5 19.f3 Nf6 20.Bf4 Qd8 21.Be5 Nh5 22.f4 
Nf6 23.Nc3 Ne4 24.b5 Qa5 25.Bxe4 fxe4 26.a4 Bf5 27.Qb3 Bxe5 28.fxe5 Kg7 
29.Qb4 Qd8 30.a5 Rf7 31.a6 Qg5 32.bxc6 bxc6 33.Kh1 Raf8 34.Ne2 e3 35.Rb2 
Be4 36.Rxf7+ Rxf7 37.Ng3 Rf2 38.Rxf2 exf2 39.Qb7+ Kh6 40.Qb2 Qe3 41.Qe2 
Qxe2 0-1

[Event "Xtracon Chess Open 2018"]
[Site "Elsinore"]
[Date "2018.07.26"]
[Round "7"]
[White "Frisk, Hans"]
[Black "Nielsen, Peter"]
[Result "0-1"]
[WhiteElo "2004"]
[BlackElo "1707"]
[EventDate "2018.07.21"]
[WhiteFideId "1708570"]
[BlackFideId "1707485"]

1.Nf3 Nf6 2.c4 g6 3.e3 Bg7 4.d4 O-O 5.Be2 d6 6.Nc3 c6 7.O-O Re8 8.Qc2 e5 
9.Rd1 e4 10.Nd2 d5 11.b4 Na6 12.Rb1 Nc7 13.a4 Ne6 14.Ba3 Ng5 15.b5 Bg4 16.
bxc6 bxc6 17.Rb7 Bxe2 18.Nxe2 Qc8 19.Rdb1 Qg4 20.Kf1 Nf3 21.gxf3 Qh3+ 22.
Ke1 exf3 23.Ng3 Qxh2 24.Ngf1 Qh1 25.Qd1 Rxe3+ 26.fxe3 Qh4+ 27.Ng3 Qxg3+ 
28.Kf1 Qg2+ 29.Ke1 f2+ 30.Ke2 f1=Q# 0-1

[Event "Xtracon Chess Open 2018"]
[Site "Elsinore"]
[Date "2018.07.26"]
[Round "7"]
[White "Koellner, Aaron Noah"]
[Black "Madison, Sigurd"]
[Result "1-0"]
[WhiteElo "1992"]
[BlackElo "1704"]
[EventDate "2018.07.21"]
[WhiteFideId "12993085"]
[BlackFideId "1711806"]

1.d4 d5 2.Bf4 e6 3.e3 c6 4.Nd2 Nf6 5.Bd3 Bd6 6.Bg3 Qc7 7.Bxd6 Qxd6 8.f4 
Nbd7 9.Ngf3 Ng4 10.Qe2 f5 11.Ne5 Ngf6 12.Ndf3 Ne4 13.Nxd7 Bxd7 14.Bxe4 
fxe4 15.Ne5 O-O 16.O-O Be8 17.c4 b6 18.Rfc1 c5 19.Qd2 Rd8 20.a3 Qe7 21.b4 
cxd4 22.Qxd4 Qb7 23.Rc3 Bh5 24.Rc2 Rc8 25.Rac1 Rfd8 26.c5 bxc5 27.Rxc5 
Rxc5 28.Rxc5 Qa6 29.Qb2 Qb6 30.Qc3 h6 31.Kf2 Qa6 32.g4 Be8 33.h4 Kh7 34.
Rc7 d4 35.exd4 Qa4 36.Qe3 Kg8 37.g5 hxg5 38.hxg5 Qd1 39.Rc1 Qh5 40.Kg2 Bg6
41.Rh1 Rc8 42.Rxh5 Rc2+ 43.Kg3 Bxh5 44.Qxe4 Rc3+ 45.Kh4 Bd1 46.Qa8+ Kh7 
47.g6+ Kh6 48.Qh8# 1-0

[Event "Xtracon Chess Open 2018"]
[Site "Elsinore"]
[Date "2018.07.26"]
[Round "7"]
[White "Preuss, Flemming"]
[Black "Haugaard, Thomas"]
[Result "1-0"]
[WhiteElo "1971"]
[BlackElo "1697"]
[EventDate "2018.07.21"]
[WhiteFideId "1403338"]
[BlackFideId "1414330"]

1.e4 e5 2.d4 exd4 3.Qxd4 Nc6 4.Qe3 Bb4+ 5.Nc3 Qe7 6.Bd2 Nf6 7.f3 Bc5 8.Qg5
d6 9.Bc4 Be6 10.Bb3 O-O-O 11.O-O-O h6 12.Qh4 Ne5 13.Nge2 g5 14.Qe1 Nc4 15.
Kb1 Nb6 16.Bc1 Bxb3 17.axb3 d5 18.Nd4 dxe4 19.Nf5 Qe5 20.Rxd8+ Rxd8 21.
fxe4 Re8 22.Nxh6 Nxe4 23.Nxe4 Qxe4 24.Qxe4 Rxe4 25.Bxg5 Re2 26.g4 Rf2 27.
Rd1 Nd7 28.h4 f6 29.Bc1 Ne5 30.h5 Bf8 31.Rg1 Nf3 32.Rd1 Rg2 33.Rf1 Nd4 34.
Rxf6 Bxh6 35.Bxh6 Rxg4 36.Be3 Nc6 37.h6 Rh4 38.c3 Nd8 39.Kc2 Kd7 40.Bd4 
1-0

[Event "Xtracon Chess Open 2018"]
[Site "Elsinore"]
[Date "2018.07.26"]
[Round "7"]
[White "Kristensen, Thomas Overgaard"]
[Black "Strachan, Christian C."]
[Result "0-1"]
[WhiteElo "1696"]
[BlackElo "1927"]
[EventDate "2018.07.21"]
[WhiteFideId "1419803"]
[BlackFideId "1417215"]

1.d4 d5 2.c4 c6 3.Nc3 Nf6 4.Bg5 dxc4 5.a4 h6 6.Bh4 Qa5 7.Bxf6 exf6 8.e4 
Bb4 9.Qc1 Be6 10.Ne2 Qc7 11.f4 O-O 12.f5 Bd7 13.Nf4 Re8 14.Be2 Rxe4 15.Rf1
Bxf5 16.Nh5 Rxe2+ 17.Kxe2 Bg4+ 18.Kf2 Bxh5 19.Ne4 Nd7 20.Qe3 Re8 21.Kg1 
Bg6 22.Rxf6 Rxe4 0-1

[Event "Xtracon Chess Open 2018"]
[Site "Elsinore"]
[Date "2018.07.26"]
[Round "7"]
[White "Meyer, Juergen"]
[Black "Stuhr, Finn"]
[Result "1-0"]
[WhiteElo "1908"]
[BlackElo "1695"]
[EventDate "2018.07.21"]
[WhiteFideId "24661759"]
[BlackFideId "1400789"]

1.e4 e5 2.Nf3 Nc6 3.d4 exd4 4.Nxd4 Bc5 5.Nxc6 Qf6 6.Qf3 Qxf3 7.gxf3 dxc6 
8.Be3 Bb4+ 9.Nd2 Be6 10.c3 Be7 11.Nb3 Bxb3 12.axb3 b6 13.Ra6 Nf6 14.Bh3 
Bd6 15.O-O O-O 16.Rfa1 Rfd8 17.Rxa7 Rab8 18.Bg5 h6 19.Bh4 g5 20.Bg3 Ne8 
21.e5 Be7 22.e6 f6 23.Bxc7 Nxc7 24.Rxc7 Kf8 25.Raa7 Rd1+ 26.Kg2 Re8 27.Bf5
Bd6 28.Rf7+ Kg8 29.Rg7+ Kh8 30.Rh7+ Kg8 31.Rxh6 Be5 32.Bh7+ 1-0

[Event "Xtracon Chess Open 2018"]
[Site "Elsinore"]
[Date "2018.07.26"]
[Round "7"]
[White "Unneland, Mathias"]
[Black "Harders, Poul Erik"]
[Result "1-0"]
[WhiteElo "1896"]
[BlackElo "1693"]
[EventDate "2018.07.21"]
[WhiteFideId "1525581"]
[BlackFideId "1416251"]

1.d4 Nf6 2.c4 g6 3.Nc3 Bg7 4.e4 d6 5.f4 O-O 6.Nf3 c5 7.d5 e6 8.Be2 exd5 9.
cxd5 Re8 10.Nd2 a6 11.a4 Qc7 12.O-O Nbd7 13.Bf3 Rb8 14.a5 c4 15.Qe2 b5 16.
axb6 Nxb6 17.Kh1 Nbxd5 18.Nxd5 Nxd5 19.Qxc4 Qxc4 20.Nxc4 Nb4 21.Nxd6 Rd8 
22.Rd1 Be6 23.e5 f6 24.Ra5 fxe5 25.fxe5 Bf5 26.Be3 Bd3 27.Ba7 Bc2 28.Rd4 
Nd3 29.Bxb8 Rxb8 30.h3 Bxe5 31.Rxd3 Bg3 32.Bd5+ Kg7 33.Rxg3 1-0

[Event "Xtracon Chess Open 2018"]
[Site "Elsinore"]
[Date "2018.07.26"]
[Round "7"]
[White "Christensen, Verner"]
[Black "Rasmussen, Henning"]
[Result "1-0"]
[WhiteElo "1886"]
[BlackElo "1682"]
[EventDate "2018.07.21"]
[WhiteFideId "1416006"]
[BlackFideId "1410962"]

1.e4 e6 2.d4 d5 3.Nc3 Nf6 4.Bg5 dxe4 5.Nxe4 Be7 6.Bxf6 Bxf6 7.c3 O-O 8.Bd3
Nd7 9.Nf3 Be7 10.Qc2 h6 11.O-O-O c6 12.h4 Qc7 13.Kb1 e5 14.Nxe5 Nxe5 15.
dxe5 Qxe5 16.Rde1 Qc7 17.f3 Bf5 18.g4 Bxe4 19.Rxe4 Bd6 20.Qd2 Rfe8 21.Rhe1
Rxe4 22.Rxe4 Rf8 23.Bc4 Kh8 24.f4 b5 25.Bb3 a5 26.h5 f5 27.Rd4 Rd8 28.g5 
hxg5 29.fxg5 Be7 30.g6 Rxd4 31.Qxd4 Qd8 32.Qf4 c5 33.Qxf5 b4 34.Qd5 Qf8 
35.Qf7 Qxf7 36.Bxf7 Bg5 37.Kc2 Be3 38.b3 Bf2 39.c4 Be3 40.Kd3 Bg1 41.Ke4 
Bd4 42.Kd5 Bf2 43.Kc6 Be3 44.Kb5 Bd4 45.Kxa5 Bb2 46.Kb5 Bd4 47.Bd5 Be3 48.
Kc6 Bd4 49.Kd6 Be3 50.Ke6 Bd4 51.Kf7 Bc3 52.Ke6 Bd4 53.Kf5 Bc3 54.Ke4 Bf6 
55.Kd3 Bd4 56.Kc2 Bf6 57.Kb1 Be5 58.a4 bxa3 59.Ka2 Bb2 60.b4 cxb4 61.c5 
Bd4 62.c6 Be5 63.Kb3 Bd6 64.Bf7 Bc7 65.Kxb4 Bd6+ 66.Kb3 a2 67.Kxa2 Bc7 68.
Kb3 Bd6 69.Kc4 Bf4 70.Kb5 Bc7 71.Ka6 Bf4 72.Kb7 1-0

[Event "Xtracon Chess Open 2018"]
[Site "Elsinore"]
[Date "2018.07.26"]
[Round "7"]
[White "Naesborg, Jens-Ole"]
[Black "Warston, Hakan"]
[Result "0-1"]
[WhiteElo "1866"]
[BlackElo "1662"]
[EventDate "2018.07.21"]
[WhiteFideId "1443577"]
[BlackFideId "1717367"]

1.e4 e6 2.Nf3 d5 3.e5 c5 4.b4 cxb4 5.d4 Nc6 6.a3 bxa3 7.c3 Nh6 8.Bxh6 gxh6
9.Nxa3 a6 10.Bd3 b5 11.Nxb5 Bb7 12.Na3 Ne7 13.Qd2 Bg7 14.Nc2 O-O 15.Ne3 
Ng6 16.g3 f5 17.Ng2 Rf7 18.h4 Qe7 19.h5 Nf8 20.Nf4 a5 21.O-O Bc6 22.Rfb1 
a4 23.Rb4 Qe8 24.Ra3 Rb7 25.Rxb7 Bxb7 26.Bc2 Bc6 27.Ne1 Qe7 28.Qc1 Nd7 29.
Ned3 Nb6 30.Nc5 Bd7 31.Ra2 Bxe5 32.Nxd7 Bxf4 33.Qxf4 Qxd7 34.Qxh6 a3 35.g4
fxg4 36.Qg5+ Qg7 37.Qxg7+ Kxg7 38.Bd1 Kf6 39.Bxg4 Rg8 40.f3 Nc4 41.Kf2 e5 
42.dxe5+ Kxe5 43.Re2+ Kd6 44.Re6+ Kc5 45.Re7 Ra8 46.Re1 a2 47.Ra1 Nd2 48.
Be6 Nb3 49.Rd1 Rd8 50.Bf5 h6 51.Ke3 a1=Q 52.Rxa1 Nxa1 53.Kd3 Nb3 54.Kc2 
Na5 55.Kd3 Nc4 56.Bh3 Re8 57.Bg4 Re3+ 58.Kc2 d4 59.cxd4+ Kxd4 60.Kc1 Kc3 
61.Kb1 Kb3 0-1

[Event "Xtracon Chess Open 2018"]
[Site "Elsinore"]
[Date "2018.07.26"]
[Round "7"]
[White "Bernstein, Jonas August"]
[Black "Sandberg, Martin"]
[Result "1/2-1/2"]
[WhiteElo "1661"]
[BlackElo "1865"]
[EventDate "2018.07.21"]
[WhiteFideId "1532154"]
[BlackFideId "1707159"]

1.d4 f5 2.g3 Nf6 3.Bg2 e6 4.c4 d6 5.Nc3 Be7 6.e4 fxe4 7.Nxe4 O-O 8.Nxf6+ 
Bxf6 9.Nf3 Nc6 10.O-O e5 11.dxe5 Nxe5 12.Nxe5 Bxe5 13.Qb3 c6 14.f4 Bf6 15.
Bd2 Qc7 16.Rad1 Be6 17.Rfe1 Qf7 18.Rc1 Rae8 19.Qc2 d5 20.cxd5 Bxd5 21.Bb4 
Bd4+ 22.Kh1 c5 23.Ba3 Bxa2 24.Qa4 Rxe1+ 25.Rxe1 Bd5 26.Qxa7 Bxg2+ 27.Kxg2 
Qd5+ 28.Kh3 Qd7+ 29.Kg2 h5 30.Qb6 Qd5+ 31.Kh3 Rf6 32.Re8+ Kh7 33.Qd8 Qxd8 
34.Rxd8 Rb6 35.Rd5 Kg6 36.Kh4 Rc6 37.Rg5+ Kf7 38.Rxh5 b5 39.Kg4 b4 40.Bxb4
cxb4 41.Rb5 Rb6 42.Rxb6 Bxb6 43.Kf5 Ke7 44.Ke5 Be3 45.b3 Kd7 46.Kd5 Ke7 
47.Ke5 Bd2 48.g4 Bc3+ 49.Kd5 Kf6 50.h4 Be1 51.h5 Bd2 52.Ke4 Bc1 53.Kf3 Ke6
54.Ke4 Bd2 55.g5 Kf7 56.Kf5 Bc1 57.Ke5 Ke7 58.Kf5 Bb2 59.Kg6 Kf8 60.h6 
gxh6 61.Kxh6 Bc1 62.f5 Kf7 63.Kh5 Bb2 64.Kh6 Be5 65.Kh7 Bd4 66.Kh6 Be5 67.
Kh7 Bd4 1/2-1/2

[Event "Xtracon Chess Open 2018"]
[Site "Elsinore"]
[Date "2018.07.26"]
[Round "7"]
[White "Langvik, Ulrikke"]
[Black "Dahl, Max"]
[Result "0-1"]
[WhiteElo "1640"]
[BlackElo "1848"]
[EventDate "2018.07.21"]
[WhiteFideId "1517910"]
[BlackFideId "1526626"]

1.d4 Nf6 2.c4 e6 3.Nc3 d5 4.cxd5 exd5 5.Bg5 c6 6.Nf3 Be7 7.e3 Bf5 8.Nh4 
Bg6 9.Nxg6 hxg6 10.Qb3 Qb6 11.Qxb6 axb6 12.a3 b5 13.Ne2 Bb4+ 14.Nc3 Ne4 
15.Bf4 Bxc3+ 16.bxc3 Nxc3 17.Bd3 Nd7 18.Kd2 Na4 19.Bd6 Nb2 20.Rhb1 Nxd3 
21.Kxd3 Nb6 22.Bc7 Na4 23.h3 Kd7 24.Bg3 Nb6 25.Kc3 Ra4 26.Rb4 Ra6 27.Kb3 
Rha8 28.Bh2 f6 29.h4 Nc4 30.a4 Rxa4 31.Raxa4 bxa4+ 32.Rxa4 Rxa4 33.Kxa4 
Ke6 34.Kb4 Kf5 35.Bg3 b6 36.Bc7 Kg4 37.e4 Kxh4 38.e5 fxe5 39.dxe5 Kg5 40.
f4+ Kf5 41.g3 Ke6 42.Bd8 Kd7 43.Bh4 Ne3 44.Kc3 Nf5 45.Bg5 Nxg3 46.Kd3 Nf5 
47.Kc3 c5 0-1

[Event "Xtracon Chess Open 2018"]
[Site "Elsinore"]
[Date "2018.07.26"]
[Round "7"]
[White "Jonsson, Olafur Gisli"]
[Black "Sorokin, Artem"]
[Result "1/2-1/2"]
[WhiteElo "1844"]
[BlackElo "1660"]
[EventDate "2018.07.21"]
[WhiteFideId "2302705"]
[BlackFideId "44133561"]

1.e4 c5 2.Nf3 Nc6 3.d4 cxd4 4.Nxd4 Nf6 5.Nc3 e5 6.Ndb5 d6 7.Bg5 a6 8.Na3 
b5 9.Nd5 Be7 10.Bxf6 Bxf6 11.c3 Bg5 12.Nc2 Rb8 13.Nce3 O-O 14.Bd3 Be6 15.
O-O Ne7 16.Bc2 Bxe3 17.fxe3 Nc8 18.Qh5 Nb6 19.Rf3 f6 20.Rg3 Bf7 21.Qg4 g6 
22.Nxb6 Rxb6 23.Rh3 Qe7 24.Bb3 b4 25.Bxf7+ Qxf7 26.cxb4 Rxb4 27.b3 d5 28.
Qe2 a5 29.exd5 Qxd5 30.Rd1 Qe6 31.Qd3 e4 32.Qd7 Qxd7 33.Rxd7 h5 34.g4 Rb5 
35.gxh5 Rg5+ 36.Rg3 Rxg3+ 37.hxg3 Rc8 38.g4 gxh5 39.gxh5 Rc2 40.Rd4 Rxa2 
41.Rxe4 Rb2 42.Ra4 1/2-1/2

[Event "Xtracon Chess Open 2018"]
[Site "Elsinore"]
[Date "2018.07.26"]
[Round "7"]
[White "Rasmussen, Morten"]
[Black "Jorgensen, Orla Eilegaard"]
[Result "1-0"]
[WhiteElo "1837"]
[BlackElo "1639"]
[EventDate "2018.07.21"]
[WhiteFideId "1410865"]
[BlackFideId "1413368"]

1.d4 Nf6 2.c4 d5 3.cxd5 Nxd5 4.Nf3 e6 5.e4 Nf6 6.Nc3 c6 7.Bc4 Bb4 8.Qe2 
Nbd7 9.O-O Nb6 10.Bb3 h6 11.h3 Qc7 12.a3 a5 13.axb4 axb4 14.Rxa8 Nxa8 15.
e5 bxc3 16.exf6 gxf6 17.bxc3 Rg8 18.Re1 e5 19.dxe5 Rxg2+ 20.Kxg2 Bxh3+ 21.
Kxh3 Qd7+ 22.e6 1-0

[Event "Xtracon Chess Open 2018"]
[Site "Elsinore"]
[Date "2018.07.26"]
[Round "7"]
[White "Aase, Olav Idar"]
[Black "Knudsen, Martin Mosgaard"]
[Result "1-0"]
[WhiteElo "1832"]
[BlackElo "1590"]
[EventDate "2018.07.21"]
[WhiteFideId "1502646"]
[BlackFideId "1436937"]

1.e4 e6 2.d4 d5 3.Nc3 Nf6 4.Bd3 c5 5.dxc5 dxe4 6.Bb5+ Bd7 7.Be3 Qa5 8.Qe2 
a6 9.Bc4 Bc6 10.Nh3 Nbd7 11.O-O h6 12.a3 Bxc5 13.b4 Bxb4 14.axb4 Qxb4 15.
Bd2 Ne5 16.Bb3 Qb6 17.Nf4 h5 18.Be3 Qc7 19.Na4 g5 20.Nh3 Nf3+ 21.gxf3 exf3
22.Qd2 Ng4 23.Bf4 gxf4 24.Qxf4 Qe7 25.Ng5 Rg8 26.h4 e5 27.Qxf7+ Qxf7 28.
Bxf7+ Ke7 29.Bxg8 Rxg8 30.Nc3 Kf6 31.Nce4+ Kf5 32.Rfe1 Nh6 33.Rad1 Nf7 34.
Kh2 Bxe4 35.Nxe4 Kf4 36.Ng3 Nh6 37.Re4# 1-0

[Event "Xtracon Chess Open 2018"]
[Site "Elsinore"]
[Date "2018.07.26"]
[Round "7"]
[White "Nesse, David"]
[Black "Persson, Lars 1958"]
[Result "1-0"]
[WhiteElo "1825"]
[BlackElo "1588"]
[EventDate "2018.07.21"]
[WhiteFideId "1519875"]
[BlackFideId "1742469"]

1.e4 c6 2.d4 d5 3.e5 Bf5 4.Nf3 e6 5.Be2 Nd7 6.O-O Qc7 7.Be3 Ne7 8.Na3 h6 
9.c4 g5 10.Rc1 Ng6 11.Kh1 g4 12.Ng1 h5 13.Bg5 Be7 14.Bxe7 Nxe7 15.cxd5 
Nxd5 16.Nb5 Qb6 17.Nd6+ Ke7 18.Bc4 Rag8 19.Qd2 h4 20.Bxd5 cxd5 21.Nc8+ 
Rxc8 22.Qg5+ Nf6 23.Qxf6+ Kd7 24.Qxf7+ Kd8 25.Qf6+ Kd7 26.Qg7+ 1-0

[Event "Xtracon Chess Open 2018"]
[Site "Elsinore"]
[Date "2018.07.26"]
[Round "7"]
[White "Nielsen, Kai Gylling"]
[Black "Bratteteig, Tore-Inge"]
[Result "0-1"]
[WhiteElo "1813"]
[BlackElo "1585"]
[EventDate "2018.07.21"]
[WhiteFideId "1406400"]
[BlackFideId "1510711"]

1.c4 Nf6 2.Nc3 e5 3.Nf3 Nc6 4.e4 Bc5 5.h3 O-O 6.d3 h6 7.a3 a5 8.Na4 Be7 9.
Be3 d6 10.Be2 Ne8 11.g4 Rb8 12.Nc3 b6 13.Nd5 Bd7 14.Qd2 g5 15.O-O-O f6 16.
Rdg1 Ng7 17.h4 Ne6 18.hxg5 hxg5 19.Rh3 Kf7 20.Rh7+ Ng7 21.Rgh1 Rg8 22.Bd1 
Qc8 23.Nxe7 Nxe7 24.Nxg5+ fxg5 25.Bxg5 Ng6 26.f4 exf4 27.Bxf4 Bxg4 28.Bb3 
Qe6 29.Rf1 Qf6 30.Rf2 Ke8 31.Bh6 Qe5 32.Bxg7 Rxg7 33.Rxg7 Qxg7 34.Qg5 Be6 
35.Rg2 Kf7 36.Rf2+ Ke8 37.Rf6 Bf7 38.Bd1 Kf8 39.Bh5 Ne5 40.Qh6 Qxh6+ 41.
Rxh6 Kg7 0-1

[Event "Xtracon Chess Open 2018"]
[Site "Elsinore"]
[Date "2018.07.26"]
[Round "7"]
[White "Jorgensen, Alexander Torp"]
[Black "Madsen, Dennis"]
[Result "1-0"]
[WhiteElo "1803"]
[BlackElo "1578"]
[EventDate "2018.07.21"]
[WhiteFideId "1434187"]
[BlackFideId "1425919"]

1.d4 g6 2.e4 d6 3.f4 f5 4.e5 Nh6 5.Nf3 Bg7 6.Nc3 c6 7.Bc4 d5 8.Bd3 O-O 9.
Bd2 Na6 10.Bxa6 bxa6 11.Na4 Rb8 12.Rc1 Nf7 13.c4 dxc4 14.Rxc4 Be6 15.Rxc6 
Bxa2 16.Bc3 Qd5 17.Rxa6 Qe4+ 18.Kf2 Qxf4 19.Nc5 Ng5 20.Rxa2 Ne4+ 21.Ke2 
Nxc3+ 22.bxc3 Bh6 23.Qd2 Qg4 24.Qxh6 Qxg2+ 25.Ke3 Qxh1 26.Ng5 f4+ 27.Kf2 
Rf7 28.Nxf7 Kxf7 29.Qxh7+ Kf8 30.Qh8+ Kf7 31.e6# 1-0

[Event "Xtracon Chess Open 2018"]
[Site "Elsinore"]
[Date "2018.07.26"]
[Round "7"]
[White "Stochkel, Casper"]
[Black "Sundin, Sven-Ingvar"]
[Result "0-1"]
[WhiteElo "1784"]
[BlackElo "1567"]
[EventDate "2018.07.21"]
[WhiteFideId "1426702"]
[BlackFideId "1724517"]

1.d4 d5 2.c4 c6 3.Nc3 e5 4.cxd5 cxd5 5.e3 e4 6.Bb5+ Nc6 7.f3 Bb4 8.Qa4 
Bxc3+ 9.bxc3 Bd7 10.fxe4 dxe4 11.d5 Nce7 12.d6 Bxb5 13.Qxb5+ Nc6 14.Qxb7 
Rc8 15.Ba3 Nf6 16.Ne2 Nd7 17.O-O O-O 18.Rac1 Nce5 19.Qxe4 Nc4 20.Qd3 Nxa3 
21.c4 Qa5 22.Rc3 Nxc4 0-1

[Event "Xtracon Chess Open 2018"]
[Site "Elsinore"]
[Date "2018.07.26"]
[Round "7"]
[White "Nielsen, Palle"]
[Black "Joensen, Sigurd"]
[Result "0-1"]
[WhiteElo "1771"]
[BlackElo "1515"]
[EventDate "2018.07.21"]
[WhiteFideId "1408526"]
[BlackFideId "7200935"]

1.d4 d5 2.Nf3 Nf6 3.Bf4 Nc6 4.h3 e6 5.e3 a6 6.a3 Ne4 7.Nbd2 Nxd2 8.Qxd2 
Be7 9.Bd3 f5 10.g4 g6 11.O-O-O Bf6 12.Bh6 Qe7 13.Rdg1 Bd7 14.Bf4 e5 15.
dxe5 Nxe5 16.Be2 Nxf3 17.Bxf3 c6 18.Qa5 Be5 19.Re1 O-O 20.g5 Bxf4 21.exf4 
Qd6 22.Qd2 Rfe8 23.b4 Be6 24.h4 a5 25.Kb2 axb4 26.axb4 d4 27.Ra1 Bc4 28.h5
Rxa1 29.Rxa1 b6 30.h6 c5 31.c3 dxc3+ 32.Qxc3 Qd4 33.Rd1 Qxc3+ 34.Kxc3 Bf7 
35.b5 Kf8 36.Rd6 Rb8 37.Bc6 Be8 38.Rf6+ Ke7 39.Kc4 Bf7+ 40.Bd5 Bxd5+ 41.
Kxd5 Rd8+ 42.Kc6 c4 43.Kxb6 Rd6+ 44.Rxd6 Kxd6 45.Ka7 c3 46.b6 c2 47.b7 
c1=Q 48.b8=Q+ Qc7+ 49.Qxc7+ Kxc7 50.Ka6 Kc6 51.Ka5 Kc5 52.Ka6 Kd4 53.Kb6 
Ke4 54.Kc6 Kxf4 55.Kd5 Kxg5 56.Ke5 Kxh6 57.Kf4 Kh5 58.f3 Kh4 0-1